01185nas a2200325 4500001001300000003000900013005001700022007000300039008003400042040005400076041000900130072000800139100001700147100002000164100002000184100001400204100001800218100001800236100001900254245014000273650002300413650001700436650002000453650001100473773014200484909004000626942001800666999001900684952015600703BR2015001119BR-BrBNA20231205125044.0ta230509b bl.|||p| |||| 00| 00por d aBR-BrBNAbporcBiblioteca Nacional de Agricultura a(Pt) aF011 aGuedes, M.C.1 aNeves, E. de S.1 aRodrigues, E.G.1 aPaiva, P.1 aCosta, J.B.P.1 aFreitas, M.F.1 aLemos, L.M. de1 a"Castanha na roça": expansão da produção e renovação dos castanhais em áreas de agricultura itinerante no Amapá, Brasil aCASTANHA DO PARÁ aPRODUÇÃO aCONSERVAÇÃO aCOLETA0 tBoletim do Museu Paraense Emílio Goeldi. Ciências Naturais (Brazil)xISSN 1981-8114g(May-Aug 2014), v. 9(2) p. 381-398wBR2015001119 a202311bLúciac55dLúcia Elande 2AGRISn0cANA c242371d242371 002AGRIS4071a41918b41918cPeriódicos Agrícolash(May-Aug 2014), v. 9(2) p. 381-398l0r2023-11-29t01yCRePortaria Interministerial nº 164/94